skbl

Dr Suryya Kumar Bhuyan Library Web-OPAC
ডঃ সূৰ্য্য
কুমাৰ ভূঞা পুথিভঁৰাল ৱেব-অ'পেক

All Research Scholars are advised to clear the annual library fees to continue using Library Resources, Remote Access, Plagiarism Test and Library Clearance.

Cotton University Book Fair 2026

The invasion that Never Was / (Record no. 45245)

MARC details
000 -LEADER
fixed length control field 00732nam a2200265Ia 4500
001 - CONTROL NUMBER
control field 45280
005 - DATE AND TIME OF LATEST TRANSACTION
control field 20240114003705.0
007 - PHYSICAL DESCRIPTION FIXED FIELD--GENERAL INFORMATION
fixed length control field ta
008 - FIXED-LENGTH DATA ELEMENTS--GENERAL INFORMATION
fixed length control field 090309s1996 a g b000 u 465 u
020 ## - INTERNATIONAL STANDARD BOOK NUMBER
International Standard Book Number 81-85137-22-6
040 ## - CATALOGING SOURCE
Original cataloging agency Cotton College,Assam
041 ## - LANGUAGE CODE
Language code of text/sound track or separate title 465
082 ## - DEWEY DECIMAL CLASSIFICATION NUMBER
Classification number 560
Item number Da 19 In
100 ## - MAIN ENTRY--PERSONAL NAME
Personal name Danino , Michel .
245 #0 - TITLE STATEMENT
Title The invasion that Never Was /
Statement of responsibility, etc. Michel Danino & Sujata Nahar.
Medium Textual Documents
250 ## - EDITION STATEMENT
Edition statement 1st ed /
260 ## - PUBLICATION, DISTRIBUTION, ETC.
Place of publication, distribution, etc. Delhi :
Name of publisher, distributor, etc. The Mother`s Institute of Research ,
Date of publication, distribution, etc. 1996.
300 ## - PHYSICAL DESCRIPTION
Extent 127p. :
Other physical details ill ;
Dimensions 19 cm .
653 ## - INDEX TERM--UNCONTROLLED
Uncontrolled term Palaeontology
653 ## - INDEX TERM--UNCONTROLLED
Uncontrolled term G-Palaeontology
700 ## - ADDED ENTRY--PERSONAL NAME
Personal name Nahar, Sujata .
942 ## - ADDED ENTRY ELEMENTS (KOHA)
Source of classification or shelving scheme Dewey Decimal Classification
Koha item type Books
Holdings
Withdrawn status Lost status Damaged status Not for loan Collection Home library Current library Date acquired Coded location qualifier Total checkouts Full call number Barcode Date last seen Copy number Price effective from Koha item type
          Dr. Suryya Kumar Bhuyan Library Dr. Suryya Kumar Bhuyan Library 01/02/2012 00000   560 Da 19 In 2684/Gift 14/01/2024 1 01/02/2012 Books

Designed and Maintained by Team SKBL
©1901-2026

Powered by Koha